000 00601nam a22002177a 4500
999 _c6837
_d6837
003 OSt
005 20210322161036.0
008 210322b ||||| |||| 00| 0 eng d
020 _a0521567874
040 _cDDC
082 _a632.7 THA 2002
100 _aThacker, J.R.M.
_914015
245 _aAn Introduction to Arthropod Pest Control
260 _bCambridge University Press, 2002
300 _axiv,343p; col.ill: 22.5cm
504 _aReferences, glossary, & index included
650 _aArthropod
_914016
650 _aPest control
_97098
650 _aAgriculture
_94591
942 _2z
_cO_SHELF